<?xml version="1.0" encoding="UTF-8"?>
<record
    xmlns:xsi="http://www.w3.org/2001/XMLSchema-instance"
    xsi:schemaLocation="http://www.loc.gov/MARC21/slim http://www.loc.gov/standards/marcxml/schema/MARC21slim.xsd"
    xmlns="http://www.loc.gov/MARC21/slim">

  <leader>01870nam2a2200277   4500</leader>
  <controlfield tag="001">RU\NLR\BIBL_A\022110574</controlfield>
  <controlfield tag="005">20240126172704.0</controlfield>
  <datafield tag="010" ind1=" " ind2=" ">
    <subfield code="a">978-5-4448-2179-4</subfield>
    <subfield code="b">&#x442;. 2</subfield>
    <subfield code="9">1000</subfield>
  </datafield>
  <datafield tag="021" ind1=" " ind2=" ">
    <subfield code="a">RU</subfield>
    <subfield code="b">&#x41A;&#x41D;-&#x41F;-23-077262</subfield>
    <subfield code="9">&#x41A;&#x41D;-&#x41F;-23-7812</subfield>
  </datafield>
  <datafield tag="035" ind1=" " ind2=" ">
    <subfield code="a">(NLR Aleph) 022110574</subfield>
  </datafield>
  <datafield tag="035" ind1=" " ind2=" ">
    <subfield code="a">(RuMoRGB)012414530</subfield>
  </datafield>
  <datafield tag="090" ind1=" " ind2=" ">
    <subfield code="a">12776067</subfield>
    <subfield code="c">12776067</subfield>
  </datafield>
  <datafield tag="100" ind1=" " ind2=" ">
    <subfield code="a">20240118d2023    u  y0rusy50      ca</subfield>
  </datafield>
  <datafield tag="101" ind1="2" ind2=" ">
    <subfield code="a">rus</subfield>
    <subfield code="c">yid</subfield>
  </datafield>
  <datafield tag="102" ind1=" " ind2=" ">
    <subfield code="a">RU</subfield>
  </datafield>
  <datafield tag="105" ind1=" " ind2=" ">
    <subfield code="a">y   z   000zy</subfield>
  </datafield>
  <datafield tag="200" ind1="1" ind2=" ">
    <subfield code="a">&#x41C;&#x438;&#x444;&#x44B;</subfield>
    <subfield code="f">[&#x440;&#x435;&#x434;&#x430;&#x43A;&#x442;&#x43E;&#x440;-&#x441;&#x43E;&#x441;&#x442;&#x430;&#x432;&#x438;&#x442;&#x435;&#x43B;&#x44C;: &#x42E;. &#x41E;&#x440;&#x43B;&#x438;&#x446;&#x43A;&#x438;&#x439;]</subfield>
  </datafield>
  <datafield tag="210" ind1=" " ind2=" ">
    <subfield code="d">2023</subfield>
  </datafield>
  <datafield tag="215" ind1=" " ind2=" ">
    <subfield code="a">757, [1] &#x441;.</subfield>
  </datafield>
  <datafield tag="320" ind1=" " ind2=" ">
    <subfield code="a">&#x411;&#x438;&#x431;&#x43B;&#x438;&#x43E;&#x433;&#x440;. &#x432; &#x43F;&#x43E;&#x434;&#x441;&#x442;&#x440;&#x43E;&#x447;. &#x43F;&#x440;&#x438;&#x43C;&#x435;&#x447;.</subfield>
  </datafield>
  <datafield tag="327" ind1="1" ind2=" ">
    <subfield code="a">&#x421;&#x43E;&#x434;&#x435;&#x440;&#x436;.: &#x41F;&#x441;&#x430;&#x43B;&#x43C;&#x44B; (1965-1966); &#x41C;&#x43E;&#x441;&#x43A;&#x43E;&#x432;&#x441;&#x43A;&#x438;&#x435; &#x43C;&#x438;&#x444;&#x44B; (1970-1974); &#x41F;&#x43E;&#x44D;&#x43C;&#x44B;; &#x413;&#x440;&#x43E;&#x442;&#x435;&#x441;&#x43A;&#x438;-95 - &#x421;&#x432;&#x44F;&#x442;&#x430;&#x44F; &#x440;&#x44B;&#x431;&#x430;; &#x418;&#x437; &#x441;&#x442;&#x438;&#x445;&#x43E;&#x432; &#x440;&#x430;&#x437;&#x43D;&#x44B;&#x445; &#x43B;&#x435;&#x442;; "&#x41D;&#x430;&#x431;&#x440;&#x438;&#x441;&#x43A;&#x438; &#x43D;&#x430;&#x431;&#x440;&#x43E;&#x441;&#x43A;&#x438; &#x43F;&#x43E;-&#x440;&#x443;&#x441;&#x441;&#x43A;&#x438; &#x437;&#x430;&#x43F;&#x438;&#x441;&#x43A;&#x438;..."; &#x421;&#x438;&#x43D;&#x433;&#x430;&#x43F;&#x443;&#x440;: (&#x43C;&#x438;&#x43D;&#x438;-&#x440;&#x43E;&#x43C;&#x430;&#x43D;); &#x411;&#x430;&#x431;&#x44C;&#x435; &#x43B;&#x435;&#x442;&#x43E; &#x438; &#x43D;&#x435;&#x441;&#x43A;&#x43E;&#x43B;&#x44C;&#x43A;&#x43E; &#x43C;&#x443;&#x436;&#x447;&#x438;&#x43D;; &#x420;&#x430;&#x441;&#x441;&#x43A;&#x430;&#x437;&#x44B;; &#x417;&#x430;&#x43C;&#x435;&#x442;&#x43A;&#x438;; &#x41F;&#x435;&#x440;&#x435;&#x432;&#x43E;&#x434;&#x44B; &#x438;&#x437; &#x41E;&#x432;&#x441;&#x435;&#x44F; (&#x428;&#x438;&#x43A;&#x435;) &#x414;&#x440;&#x438;&#x437;&#x430; (1908-1971); &#x421;&#x430;&#x43F;&#x433;&#x438;&#x440; &#x43E; &#x414;&#x440;&#x438;&#x437;&#x435;</subfield>
  </datafield>
  <datafield tag="461" ind1=" " ind2="0">
    <subfield code="1">001RU\NLR\BIBL_A\022110411</subfield>
    <subfield code="1">2001#$a&#x421;&#x43E;&#x431;&#x440;&#x430;&#x43D;&#x438;&#x435; &#x441;&#x43E;&#x447;&#x438;&#x43D;&#x435;&#x43D;&#x438;&#x439;$f&#x413;&#x435;&#x43D;&#x440;&#x438;&#x445; &#x421;&#x430;&#x43F;&#x433;&#x438;&#x440;$g[&#x440;&#x435;&#x434;&#x430;&#x43A;&#x442;&#x43E;&#x440;&#x44B;-&#x441;&#x43E;&#x441;&#x442;&#x430;&#x432;&#x438;&#x442;&#x435;&#x43B;&#x438;: &#x414;. &#x414;&#x430;&#x432;&#x44B;&#x434;&#x43E;&#x432;, &#x42E;. &#x41E;&#x440;&#x43B;&#x438;&#x446;&#x43A;&#x438;&#x439;]$g&#x440;&#x443;&#x43A;&#x43E;&#x432;&#x43E;&#x434;&#x438;&#x442;&#x435;&#x43B;&#x44C; &#x440;&#x435;&#x434;&#x430;&#x43A;&#x446;&#x438;&#x43E;&#x43D;&#x43D;&#x43E;&#x439; &#x43A;&#x43E;&#x43B;&#x43B;&#x435;&#x433;&#x438;&#x438;: &#x42E;. &#x411;. &#x41E;&#x440;&#x43B;&#x438;&#x446;&#x43A;&#x438;&#x439;$v&#x422;. 2</subfield>
    <subfield code="1">700#1$a&#x421;&#x430;&#x43F;&#x433;&#x438;&#x440;$b&#x413;. &#x412;.$f1928-1999$g&#x413;&#x435;&#x43D;&#x440;&#x438;&#x445; &#x412;&#x435;&#x43D;&#x438;&#x430;&#x43C;&#x438;&#x43D;&#x43E;&#x432;&#x438;&#x447;$3RU\NLR\AUTH\771381</subfield>
    <subfield code="9">12775570</subfield>
    <subfield code="a">&#x421;&#x430;&#x43F;&#x433;&#x438;&#x440;, &#x413;.&#x412;. (1928-1999)</subfield>
    <subfield code="c">&#x41C;&#x43E;&#x441;&#x43A;&#x432;&#x430;</subfield>
    <subfield code="d">2023</subfield>
    <subfield code="f">&#x413;&#x435;&#x43D;&#x440;&#x438;&#x445; &#x421;&#x430;&#x43F;&#x433;&#x438;&#x440;</subfield>
    <subfield code="n">&#x41D;&#x43E;&#x432;&#x43E;&#x435; &#x43B;&#x438;&#x442;&#x435;&#x440;&#x430;&#x442;&#x443;&#x440;&#x43D;&#x43E;&#x435; &#x43E;&#x431;&#x43E;&#x437;&#x440;&#x435;&#x43D;&#x438;&#x435;</subfield>
    <subfield code="t">&#x421;&#x43E;&#x431;&#x440;&#x430;&#x43D;&#x438;&#x435; &#x441;&#x43E;&#x447;&#x438;&#x43D;&#x435;&#x43D;&#x438;&#x439;</subfield>
    <subfield code="y">9785444821770</subfield>
    <subfield code="v">&#x422;. 2</subfield>
  </datafield>
  <datafield tag="942" ind1=" " ind2=" ">
    <subfield code="c">BOOK</subfield>
  </datafield>
  <datafield tag="980" ind1=" " ind2=" ">
    <subfield code="a">NB</subfield>
  </datafield>
  <datafield tag="995" ind1=" " ind2=" ">
    <subfield code="5">2024-01-18</subfield>
    <subfield code="a">ad</subfield>
    <subfield code="b">NLR01</subfield>
    <subfield code="c">NLR01</subfield>
    <subfield code="e">RF81</subfield>
    <subfield code="f">1-4212979</subfield>
    <subfield code="k">2024-5/252</subfield>
    <subfield code="o">0</subfield>
    <subfield code="r">BOOK</subfield>
    <subfield code="s">20245252_</subfield>
  </datafield>
  <datafield tag="995" ind1=" " ind2=" ">
    <subfield code="5">2024-01-18</subfield>
    <subfield code="a">ad</subfield>
    <subfield code="b">NLR01</subfield>
    <subfield code="c">NLR01</subfield>
    <subfield code="e">RF81</subfield>
    <subfield code="f">1-4460039</subfield>
    <subfield code="k">2024-5/252</subfield>
    <subfield code="o">0</subfield>
    <subfield code="r">BOOK</subfield>
    <subfield code="s">20245252_</subfield>
  </datafield>
</record>
